WoF trivia/quiz - Statistics

General Stats
  • This quiz has been taken 300 times
  • The average score is 16 of 17
Answer Stats
Hint Answer % Correct
Mudwing dragonet Clay
100%
Rainwing dragonet Glory
99%
Nightwing dragonet Starflight
99%
Sandwing dragonet Sunny
99%
Seawing dragonet Tsunami
99%
This skywing has a crush on clay Peril
97%
Queen of the skywings(at the time) Scarlet
97%
Sandwing queen(current if u finished arc 1) Thorn
94%
To smart for her own good princess Blister
89%
strong princess Burn
89%
Old sandwing queen Oasis
89%
unlimited treasure princess Blaze
88%
Seawing guardian Webs
84%
Sandwing guardian Dune
83%
Clever and confident sandwing Qibli
83%
Skywing guardian Kestrel
82%
Seawing guardian son Riptide
81%
No matching quizzes found
Score Distribution
Percent of People with Each Score
Percentile by Number Answered
Your Score History
You have not taken this quiz